FOREST EXTRACTION MANAGEMENT WITH THE INDICATOR OF OVERALL EFFICIENCY OF FOREST MACHINES (OEFM) (Registro n. 330421)
[ somente texto ]
| 000 -LÍDER | |
|---|---|
| fixed length control field | 04785nab a2200337 i 4500 |
| 003 - CÓDIGO MARC DA AGÊNCIA CATALOGADORA | |
| Campo de controle | BR-BrBNA |
| 005 - DATA E HORA DA ÚLTIMA ATUALIZAÇÃO | |
| Campo de controle | 20250314144432.0 |
| 008 - CAMPO DE TAMANHO FIXO | |
| fixed length control field | 250314b2022 bl.ar|pooa||| 00| 0 eng | |
| 040 ## - FONTE DA CATALOGAÇÃO | |
| Agência catalogadora | BR-BrBNA |
| Idioma da catalogação | eng |
| 072 ## - CATEGORIA AGRIS | |
| Código AGRIS | N20 |
| 072 ## - CATEGORIA AGRIS | |
| Código AGRIS | K10 |
| 100 ## - ENTRADA PRINCIPAL - NOME PESSOAL | |
| Nome pessoal | Silva, Arthur Araújo |
| 100 ## - ENTRADA PRINCIPAL - NOME PESSOAL | |
| Nome pessoal | Machado, Carlos Cardoso |
| 100 ## - ENTRADA PRINCIPAL - NOME PESSOAL | |
| Nome pessoal | Gomes, Raiane Ribeiro Machado |
| 100 ## - ENTRADA PRINCIPAL - NOME PESSOAL | |
| Nome pessoal | Schettini, Bruno Leão Said |
| 100 ## - ENTRADA PRINCIPAL - NOME PESSOAL | |
| Nome pessoal | Minette, Luciano José |
| 100 ## - ENTRADA PRINCIPAL - NOME PESSOAL | |
| Nome pessoal | Nunes, Ítalo Lima |
| 100 ## - ENTRADA PRINCIPAL - NOME PESSOAL | |
| Nome pessoal | Villanova, Paulo Henrique |
| 245 ## - TÍTULO PRINCIPAL | |
| Título principal | FOREST EXTRACTION MANAGEMENT WITH THE INDICATOR OF OVERALL EFFICIENCY OF FOREST MACHINES (OEFM) |
| 500 ## - NOTA GERAL | |
| Nota geral | Publicação on-line; 29 ref.; 2 illus; 2 tables; Sumaries (En, Pt) |
| 942 ## - ADDED ENTRY ELEMENTS (KOHA) | |
| Koha item type | Analítica |
| 520 ## - NOTA DE RESUMO | |
| Nota de conteúdo | <br/><br/>ABSTRACT – Performance indicators are tools capable of exposing measurable characteristics and generating relevant information on forest operations, thus being considered pillars for managers to make agile and assertive decisions. Forest extraction with a forwarder must be improved, understanding the factors that aff ect the costs of this machine, such as productivity (PR), fuel consumption (FC), operational effi ciency (OE), and quality of operation. Thus, the objective of this study was to evaluate the implementation of the Overall Effi ciency of Forest Machines (OEFM) indicator in the management of forest extraction data using forwarders. Data were collected during forest harvesting from fi ve operating fl eets, in commercial eucalypt plantations, in full-tree and coppice regimes, in the states of Bahia and Espírito Santo. The indicator was expressed as a percentage calculated by OEFM = ((4*PR)+(3*FC)+(3*OE))/10. The performance of the machines was evaluated by a stochastic model of dynamic simulation of systems in eight scenarios, proposing improvement for the average individual volume harvested, fuel consumption, and mechanical or operational stops. Analyzes were performed using PowerSim Studio 9 software. The OEFM of two fl eets was higher than the established target of 95.17%, with 95.72% and 97.44%. The OEFM indicator proved to be useful in the management of forest extraction with adequate and easy-to-understand information from a large amount and variety of data. The stochastic simulation model was effi cient to study the impact on the global effi ciency and the fl ow of wood extraction by the forwarder.<br/><br/>Keywords: Productivity analysis; Forwarder; Performance. |
| 520 ## - NOTA DE RESUMO | |
| Nota de conteúdo | <br/><br/>RESUMO – Os indicadores de desempenho são ferramentas capazes de expor características mensuráveis e gerar informações relevantes das operações florestais, sendo considerados pilares para uma tomada de decisão ágil e assertiva por parte dos gestores. A extração florestal com forwarder deve ser aperfeiçoada, compreendendo os fatores que afetam os custos desta máquina, como produtividade (TP), consumo de combustível (TC), eficiência operacional (EO) e qualidade da operação. Dessa forma, o objetivo estudo foi avaliar a implementação do indicador Eficiência Global de Máquinas Florestais (EGMF) na gestão dos dados da extração florestal com uso de forwarders. Os dados foram coletados durante a extração florestal de cinco frotas em operação, em plantios comerciais de Eucalipto, em regimes de alto fuste e talhadia, nos estados da Bahia e Espírito Santo. O indicador foi expresso em percentual, calculado por: EGMF = ((4*TP)+(3*TC)+(3*EO))/10. O desempenho das máquinas foi avaliado com um modelo estocástico de simulação dinâmica de sistemas em oito cenários, propondo melhorias no volume médio individual colhido, consumo de combustível e paradas mecânicas ou operacionais. As análises foram realizadas com o software PowerSim Studio 9. O EGMF de duas das cinco frotas estudadas foi maior que a meta estabelecida de 95,17%, com 95,72% e 97,44%, respectivamente. O indicador EGMF se mostrou útil na gestão da extração florestal com informações adequadas e de fácil entendimento a partir de uma grande quantidade e variedade de dados. O modelo de simulação estocástico foi eficiente para estudar o impacto na eficiência global (EGMF) e no fluxo de extração de madeira pelo forwarder.<br/><br/>Palavras-Chave: Análise de produtividade; Forwarder; Performance |
| 650 ## - ASSUNTO - THESAGRO | |
| Cabeçalho tópico ou nome geográfico | OPERAÇÃO FLORESTAL |
| 650 ## - ASSUNTO - THESAGRO | |
| Cabeçalho tópico ou nome geográfico | GESTÃO |
| 650 ## - ASSUNTO - THESAGRO | |
| Cabeçalho tópico ou nome geográfico | EQUIPAMENTO FLORESTAL |
| 650 ## - ASSUNTO - THESAGRO | |
| Cabeçalho tópico ou nome geográfico | PERFORMANCE |
| 773 0# - ENTRADA ANALÍTICA | |
| Host Biblionumber | 812 |
| Registro do item | 346929 |
| Imprenta | Viçosa-MG Sociedade de Investigações Florestais - Universidade Federal de Viçosa. Depto. de Engenharia Florestal 1977 |
| Outro identificador | 2024-7727 |
| Título | Revista Árvore (Brazil) |
| ISSN | 0100-6762 |
| Colação | v. 46 p. 1-8 ; (2022) |
| Número de controle de registro | BR2024004886 |
| 856 ## - ACESSO E ENDEREÇO ELETRÔNICO | |
| Identificador uniforme de recurso - URI | https://www.scielo.br/j/rarv/a/x8vFgCSCSHGyHfTWwJM4czL/?format=pdf&lang=en |
Nenhum exemplar disponível.

BINAGRI